Innovation Management: (Record no. 370401)

MARC details
000 -LEADER
fixed length control field 00505nam a22001817a 4500
005 - DATE AND TIME OF LATEST TRANSACTION
control field 20260210154710.0
008 - FIXED-LENGTH DATA ELEMENTS--GENERAL INFORMATION
fixed length control field 260210b |||||||| |||| 00| 0 eng d
020 ## - INTERNATIONAL STANDARD BOOK NUMBER
International Standard Book Number 9788126938629
041 ## - LANGUAGE CODE
Language code of text/sound track or separate title eng
082 ## - DEWEY DECIMAL CLASSIFICATION NUMBER
Classification number 658.406
Item number MAI B22766
100 ## - MAIN ENTRY--PERSONAL NAME
Author Maital S
245 ## - TITLE STATEMENT
Title Innovation Management:
Remainder of title Strategies, Concepts and Tools for Growth and Profit
260 ## - PUBLICATION, DISTRIBUTION, ETC.
Place of publication, distribution, etc. New Delhi
Name of publisher, distributor, etc. Atlantic
Date of publication, distribution, etc. 2024
300 ## - PHYSICAL DESCRIPTION
Extent 491p
500 ## - GENERAL NOTE
Keywords Innovation Management
700 ## - ADDED ENTRY--PERSONAL NAME
Personal name Seshadri D.V.R.
942 ## - ADDED ENTRY ELEMENTS (KOHA)
Koha item type Reference book
Holdings
Withdrawn status Lost status Source of classification or shelving scheme Damaged status Not for loan Home library Current library Date acquired Vendor Net Price Bill number Total Checkouts Full call number Barcode Date last seen Actual Price Bill Date Koha item type Original Barcode
    Dewey Decimal Classification   Reference Smt. Hiraben Nanavati Institute of Management & Research for Women Smt. Hiraben Nanavati Institute of Management & Research for Women 29/01/2026 The Forward Books 1895.00 25295   658.406 MAI B22766 HIMR-BK-22766 10/02/2026 1383.35 24/01/2026 Reference book B22766